| 000 | 00932 a2200205 4500 | ||
|---|---|---|---|
| 001 | 26941 | ||
| 005 | 20260407155547.0 | ||
| 008 | 260407a1983 arg spa d | ||
| 003 | AR-UNSa-BCEJYS | ||
| 040 |
_aAR-UNSa-BCEJYS _bspa _cAR-UNSa-BCEJYS |
||
| 080 |
_a711 _xPrincipios y práctica de la ordenación. Ordenación del territorio, ordenación urbana y rural |
||
| 245 | 1 | 0 |
_aLa ciudad funcional _pLe Corbusier y su vision de la ciudad: condiciones, motivos, razones ocultas |
| 020 | _a84-7088-335-6 | ||
| 264 | 1 |
_aMadrid : _bInstituto de Estudios de Administración Local _c1983 |
|
| 300 |
_a490 p. _c21 cm. |
||
| 505 | _a1ra. Parte: 1. Paul, poeta bohemio, descubre la máquina - 2. El fordismo: la filosofía social de lo práctico de Le Corbusier - 3. El debate sobre el funcionalismo - 4. La sociología de la "máquina de habitar" | ||
| 942 | _cBK | ||
| 590 | _aniveau_biblio:m niveau_hierar:0 | ||
| 100 | 1 | _aHilpert, Thilo | |
| 999 |
_c1524 _d1524 |
||